El odio /
Recopilación de ponencias dictadas en el seminario sobre antropología de la conducta, dedicado a las pasiones humanas, en particular al odio. Desde diversas disciplinas como son la filosofía, la psicología, o la filología se aborda el origen del odio, el por qué se odia y por qué este sentimiento pe...
Guardado en:
| Institution som forfatter: | |
|---|---|
| Andre forfattere: | |
| Format: | Procedimiento de la conferencia Bog |
| Sprog: | spansk |
| Udgivet: |
Barcelona, España :
Tusquets,
2002, c2002
|
| Serier: | (Ensayo Tusquets ;
49) |
| Fag: | |
| Tags: |
Ingen Tags, Vær først til at tagge denne postø!
|
MARC
| LEADER | 00000nam^a2200000^a^4500 | ||
|---|---|---|---|
| 001 | 000146474 | ||
| 005 | 20250521000000.0 | ||
| 009 | 20260310095911.776 | ||
| 020 | |a 84-8310-792-9 | ||
| 037 | |a Acervo ITESO - Biblioteca | ||
| 041 | |a ESP | ||
| 082 | |a 179. 8 |b SEM 1997 | ||
| 111 | |a Seminario sobre Antropología de la Conducta ( |n 1o : |d 1997 : |c Universidad de Cádiz) | ||
| 245 | 1 | 3 | |a El odio / |c Seminario sobre Antropología de la Conducta ; ed. de C. Castilla del Pino. |
| 264 | 4 | |a Barcelona, España : |b Tusquets, |c 2002, c2002 | |
| 300 | |a 186 p. | ||
| 336 | |a texto |b txt |2 rdacontenido | ||
| 337 | |a sin mediación |b n |2 rdamedio | ||
| 338 | |a volumen |b nc |2 rdasoporte | ||
| 440 | 1 | |a (Ensayo Tusquets ; |v 49) | |
| 520 | |a Recopilación de ponencias dictadas en el seminario sobre antropología de la conducta, dedicado a las pasiones humanas, en particular al odio. Desde diversas disciplinas como son la filosofía, la psicología, o la filología se aborda el origen del odio, el por qué se odia y por qué este sentimiento pervive aún después de la muerte o desaparición del ser odiado. | ||
| 649 | |a XX | ||
| 650 | |a Odio | ||
| 650 | |a Emoción | ||
| 650 | |a Pasión | ||
| 650 | |a Conducta de Vida | ||
| 650 | |a Modernidad y Posmodernidad | ||
| 650 | |a Odio en la Literatura | ||
| 650 | |a Literatura - |x Historia y Crítica | ||
| 650 | |a Psicología Social | ||
| 650 | |a Filosofía del Siglo XX | ||
| 700 | |a Castilla del Pino, Carlos |e (edición) | ||
| 910 | |a Fondo General | ||
| 920 | |a Impresos - Libros | ||
| 930 | |a Colección General | ||
| 905 | |a 101 | ||
| 901 | |a 0500076037 |b IT1 |c ACC |u 20250521 | ||
| 902 | |a https://opac.biblio.iteso.mx/vufind/Record/000146474 | ||